| 000 | 02247nam0a2200349 i 4500 | ||
|---|---|---|---|
| 001 | RU\NLR\bibl\2028956 | ||
| 005 | 20260407090017.0 | ||
| 010 |
_a9785502001236 _9100 |
||
| 021 |
_aRU _b2013-22874 _91600 |
||
| 035 | _a(NLR Aleph) 002016864 | ||
| 090 |
_a4485632 _c4485632 |
||
| 100 | _a20130426d2012 u y0rusy50 ca | ||
| 101 | 0 | _arus | |
| 102 | _aRU | ||
| 105 | _aa ||||||||| | ||
| 200 | 1 |
_aОпределение напряжений и расчеты на прочность стержневых систем _eучебное пособие для студентов высших учебных заведений, обучающихся по специальностям 150301.65 - Динамика и прочность машин, 240801.65 - Машины и аппараты химических производств, 260601.65 - Машины и аппараты пищевых производств _fМ-во образования и науки РФ, Федер. гос. бюджет. образоват. учреждение высш. проф. образования "Нижегор. гос. техн. ун-т им. Р.Е. Алексеева" _g[Н.А. Ильичев и др. _gпод ред. Ю.В. Глявина] |
|
| 205 | _aИзд. 2-е, испр. и доп. | ||
| 210 |
_aНижний Новгород _cНГТУ _d2012 |
||
| 215 |
_a129, [1] с. _cил. _d20 |
||
| 313 | _aПо первому изд. 2009 г. | ||
| 320 | _aБиблиогр.: с. 126 (7 назв.) | ||
| 606 | 1 |
_aСопротивление материалов _jУчебные издания для высших учебных заведений _xЗадачи _xРешение _92107983 _3RU\NLR\auth\661274210 |
|
| 686 | _aЖ121я73-41 | ||
| 702 | 1 |
_aГлявин _bЮ. В. _gЮрий Викторович _4340 |
|
| 702 | 1 |
_aИльичев _bН. А. _gНиколай Алексеевич _4220 |
|
| 712 | 0 | 2 |
_4570 _aНижегородский государственный технический университет им. Р. Е. Алексеева _3RU\NLR\AUTH\8813523 _9300053 |
| 801 | 0 |
_aRU _bNLR _c20130426 _gRCR |
|
| 801 | 1 |
_aRU _bNLR _c20130426 |
|
| 830 | _aсост. по кн. | ||
| 942 | _cBOOK | ||
| 980 | _aNBR | ||